Statistiken für Gastgeberstädte der Olympischen Winterspiele

Klicken Sie hier um das Quiz zu spielen!

Allgemein

  • Dieses Quiz wurde 6.859 mal gespielt
    (2.118 seit der letzten Aktualisierung)
  • Das Durchschnittsergebnis liegt bei 9 aus 22

Antwortstatistiken

JahreGastgeber% Korrekt
2022Peking
74%
1952Oslo
67%
2010Vancouver
66%
2014Sotschi
65%
1964, 1976Innsbruck
61%
2006Turin
61%
1936Garmisch-Partenkirchen
55%
2026Mailand /
Cortina d'Ampezzo
52%
2002Salt Lake City
50%
1994Lillehammer
44%
1928, 1948St. Moritz
43%
1984Sarajewo
39%
1988Calgary
34%
1998Nagano
34%
1972Sapporo
32%
2018Pyeongchang
31%
1992Albertville
27%
1956Cortina d'Ampezzo
26%
1932, 1980Lake Placid
26%
1968Grenoble
24%
1924Chamonix
22%
1960Squaw Valley
15%

Verteilung der Resultate

Perzentil nach korrekt beantworteten Fragen

Anzahl Personen mit jedem Resultat

Ihre Resultats-Entwicklung

Sie haben dieses Quiz seit der letzten Aktualisierung nicht gespielt